000 00778cam a2200217 4500
001 WB3547-12
008 000000n1999 000 0 eng u
035 _a(Sirsi) u102961
245 _aHigh noon on the high street
260 _c1999
490 _aSunday Telegraph
_v28 November 1999, 2:8-9(3)
520 _aReviews the decline in retailers share values, considers the fundamental challenges facing retailers and looks at the growth of leisure spending in the high street. Charts.
590 _aWB
650 _aPROPERTY-COMMERCIAL PROPERTY-RETAIL PROPERTY-RETAIL PROPERTY MARKET
650 _aRETAIL COMPANIES
650 _aLEISURE MARKET
650 _aHIGH STREET
650 _aPROSPECTS
690 _aPROPERTY-COMMERCIAL PROPERTY-RETAIL PROPERTY
942 _n0
999 _c61861
_d61861